Multiple Choice City Quiz – Munich - Statistics

General Stats
  • This quiz has been taken 15,748 times
    15,728 since last reset
  • The average score is 8 of 10
Answer Stats
Question Answer % Correct
What is Munich's biggest festival, gathering millions of visitors every year? Oktoberfest
98%
What is the German name of Munich? München
97%
Munich is the capital of which state? Bavaria
96%
What are Löwenbräu, Spaten, and Paulaner? Beers
82%
What pope was once the Archbishop of Munich and Freising? Benedict XVI
73%
What carmaker is based in Munich? BMW
71%
What king built Neuschwanstein Castle? Ludwig II
70%
When did Munich host the Summer Olympics? 1972
65%
What happened in 1923 in Munich? The Beer Hall Putsch
63%
What is Munich's biggest public park, known for its surfable wave? Englischer Garten
45%
No matching quizzes found
Score Distribution
Percent of People with Each Score
Percentile by Number Answered
Your Score History
You have not taken this quiz since the last reset